00325nam a2200133Ia 4500008004100000041000800041082001500049100001700064245002000081250000900101260005200110300000900162650002000171240830s2008 xx 000 0 und d asan a615.53/YAD aYADAV/SHARMA aCHARAKA SAMHITA a1 ST aVARANASIbCHAUKHAMBA PRAKASHAN, VARANASHIc2008 a167p aCHARAKA-SAMHITA